Normal view
MARC view
- MS-Department of Behavioral Sciences
Entry Topical Term
001 - CONTROL NUMBER
- control field: 126276
003 - CONTROL NUMBER IDENTIFIER
- control field: NUST
005 - DATE AND TIME OF LATEST TRANSACTION
- control field: 20241007154510.0
008 - FIXED-LENGTH DATA ELEMENTS
- fixed length control field: 241007|| aca||aabn | a|a d
040 ## - CATALOGING SOURCE
- Original cataloging agency: NUST
- Transcribing agency: NUST
150 ## - HEADING--TOPICAL TERM
- Topical term or geographic name entry element: MS-Department of Behavioral Sciences
670 ## - SOURCE DATA FOUND
- Source citation: Work cat.: (NUST)607449: Arif, Saba 119954, IMPLEMENTATION OF FUN FRIENDS AND ADULT RESILIENCE PROGRAMS/
